00320nam a2200121Ia 45000030006000000080041000060400015000471000024000622450032000862600051001185460012001690050017001810STCL150530s9999 xx 000 0 und d aSTCLcSTCL aRajagopalachari, C. aTowards a responsible press bMinistry of Information and Broadcastingc1952 aEnglish20220125170630.0